00589nam a22001577a 4500003000200000005001700002008004100019040001600060100002300076130000700099245022900106260003400335300000900369650002800378700002500406020160609170347.0101230t xxu||||| |||| 00| 0 eng d aBUACcBEPAC aKoukpodé , Bruno lfr aEffets comparés de la densité de mise en charge sur les performances de croissance de CLARIAS sur les performances de croissance Longifilis dans les WHEDO (Trous à poissons traditionnels )de la vallée de l'Ouémé  aAbomey-CalavibEPAC-CAPc2006 a35p. aPERFORMANCEbCROISSANCE aFiogbe, Emile Didier